000 01024nam a22002417a 4500
005 20240305165633.0
007 cr|||| ||||
008 220610s2021 br |||||s|||| 00||0 por d
020 _a978-65-89888-15-4
035 _a36413
040 _avLex
090 _c13405
_d13405
100 1 _aGuimarães Castello, Melissa
245 1 2 _aUm novo IVA?
_h[Recurso electrónico] :
_bOs tributos sobre o consumo e a economia digital /
_cMelissa Guimarães Castello
256 _aServicio en línea
260 _aSan Pablo:
_bEditora Noeses,
_c2021
300 _a1 recurso electrónico
506 1 _aDisponible solo en los productos indicados
_dvLex Global
_dvLex Global (Academic Edition, excluding Law Schools)
_dvLex Global (U.S. Academic Edition, Law Schools)
_dvLex Global (U.S. Academic Edition, excluding Law Schools)
_dvLex Global (Academic Edition, Law Schools)
650 0 4 _aDerecho Tributario
_zBrasil
740 0 _avLex Libros (Servicio en línea)
856 4 0 _uhttps://app.vlex.com/#/sources/36413
942 _cRAA
999 _c171641
_d171641